banner-ar

الماء و الارض و الحياة بين الاعجاز العلمى فى القران الكريم و المعارف الجغرافية الحديثة : (Record no. 62354)

MARC details
000 -الفاتح
حقل البيانات ثابتة الطول 01209nam a22002897a 4500
005 - وقت وتاريخ اخر تعامل مع التسجيلة
رقم الضبط 20240530110546.0
008 - عناصر البيانات ثابتة الطول - معلومات عامة
حقل البيانات ثابتة الطول 160117s2013 ua ao g b 000 0 ara d
017 ## - رقم الايداع القانونى
رقم الايداع القانونى 2012/10655
المصدر ( الهيئة المختصة) مصر . دار الكتب المصرية
020 ## - الرقم الدولى المعيارى للكتب
الرقم الدولى المعيارى للكتاب 9789774382995
040 ## - مصدر الفهرسة
وكالة الفهرسة الأصلية EG-CaGPL
082 04 - رقم تصنيف ديوى العشرى
رقم الطبعة 21
رقم التصنيف 551.48\
رقم المادة ر م
100 0# - المدخل الرئيسى - إسم شخصى
الإسم الشخصى رائد راكان قاسم الجوارى
245 12 - بيان العنوان
العنوان الماء و الارض و الحياة بين الاعجاز العلمى فى القران الكريم و المعارف الجغرافية الحديثة :
بقية العنوان ( دراسة مقارنة فى الفكر الجغرافى ) /
بيان المسئوليه,etc تاليف رائد راكان قاسم الجوارى
250 ## - بيان الطبعة
بيان الطبعة ط1
260 ## - PUBLICATION, DISTRIBUTION, ETC. (IMPRINT)
تاريخ النشر أو التوزيع 2013 .
300 ## - الوصف المادى
التعداد 288 ص :
تفاصيل ماديه اخرى للوعاء صور ؛
المادة المصاحبة 24 سم .
504 ## - تبصرة ببليوجرافية
تبصرة ببليوجرافية,الخ يشتمل على ارجاعات ببليوجرافية
650 04 - المدخل الاضافى بالموضوع-مصطلح موضوعى
مصطلح موضوعي المناخ
650 04 - المدخل الاضافى بالموضوع-مصطلح موضوعى
مصطلح موضوعي الارض
650 04 - المدخل الاضافى بالموضوع-مصطلح موضوعى
مصطلح موضوعي الطقس
650 04 - المدخل الاضافى بالموضوع-مصطلح موضوعى
مصطلح موضوعي الاعجاز العلمى للقران
650 04 - المدخل الاضافى بالموضوع-مصطلح موضوعى
مصطلح موضوعي الامطار
650 04 - المدخل الاضافى بالموضوع-مصطلح موضوعى
مصطلح موضوعي الماء
650 04 - المدخل الاضافى بالموضوع-مصطلح موضوعى
مصطلح موضوعي الاحزمة المناخية
942 ## - عناصر المدخل الإضافي( كوها)
مصدر التصنيف او مخطط الترفيف Dewey Decimal Classification
Koha [default] item type كتاب
260 ## - PUBLICATION, DISTRIBUTION, ETC. (IMPRINT)
-- الاسكندرية :
-- المكتب الجامعى الحديث ،
Holdings
حالة التراجع حالة الفقد حالة تلف ليس للاعارة المكان المؤقت الموقع الحالى تاريخ الاكتساب اجمالي اﻻعارات رقم الطلب الباركود تاريخ اخر مشاهدة تاريخ تفعيل السعر نوع وعاء كوها
        مكتبة القاهرة الكبرى مكتبة القاهرة الكبرى 05/28/2016   551.48\ ر م 162044 05/28/2016 05/28/2016 كتاب

Powered By

EGPV